Právne, účtovné a daňové aspekty tuzemských pracovných ciest zamestnancov bakalárska práca

Gespeichert in:
Bibliographische Detailangaben
1. Verfasser: Varróová, Klaudia
Körperschaft: Fakulta hospodárskej informatiky EU. Katedra účtovníctva a audítorstva
Weitere Verfasser: Katríková, Daniela
Format: Buch
Sprache:Slowakisch
Veröffentlicht: Bratislava 2018
Tags: Tag hinzufügen
Keine Tags, Fügen Sie das erste Tag hinzu!

MARC

LEADER 00000nbm a2200000 4500
001 0245276
005 20181106084752.0
041 0 |a slo 
044 |a SK 
245 1 0 |a Právne, účtovné a daňové aspekty tuzemských pracovných ciest zamestnancov  |b bakalárska práca  |c Klaudia Varróová ; školiteľ: Daniela Katríková 
264 1 |a Bratislava  |c 2018 
300 |a 43 s. 
100 1 |a Varróová, Klaudia 
700 1 |a Katríková, Daniela 
710 2 |a Fakulta hospodárskej informatiky EU. Katedra účtovníctva a audítorstva